Intikhaab Qalam Khwaja Mir (Record no. 587486)

000 -LEADER
fixed length control field 00242nam a22001097a 4500
040 ## - CATALOGING SOURCE
Transcribing agency DLC
082 ## - DEWEY DECIMAL CLASSIFICATION NUMBER
Classification number 891.4391
Author Mark AQE
100 ## - MAIN ENTRY--PERSONAL NAME
Personal name Ghalib
9 (RLIN) 87234
245 ## - TITLE STATEMENT
Title Intikhaab Qalam Khwaja Mir
Statement of responsibility, etc. Mir Taqi Mir
260 ## - PUBLICATION, DISTRIBUTION, ETC.
Place of publication, distribution, etc. ?
Name of publisher, distributor, etc. ?
Date of publication, distribution, etc. ?
942 ## - ADDED ENTRY ELEMENTS (KOHA)
Source of classification or shelving scheme
Koha item type Book
Holdings
Withdrawn status Lost status Source of classification or shelving scheme Damaged status Not for loan Permanent Location Current Location Date acquired Total Checkouts Full call number Barcode Date last seen Date last checked out Price effective from Koha item type
          School of Civil and Environmental Engineering (SCEE) School of Civil and Environmental Engineering (SCEE) 12/31/2021 1 891.4391 AQE NIT-7845 01/20/2022 12/31/2021 12/31/2021 Book
© 2023 Central Library, National University of Sciences and Technology. All Rights Reserved.